[Event "Ch Australia (major)"]
[Site "masterchessopen.com Brisbane (Australia)"]
[Round "4"]
[White "Davis Tony (USA)"]
[Black "Cashman Michael (AUS)"]
[Result "0-1"]
[WhiteElo "2247"]
[BlackElo "2072"]

1.d4 Nf6 2.c4 g6 3.Nc3 Bg7 4.e4 d6 5.Be2 O-O 6.Bg5 h6 7.Bf4 c5 8.d5 e6 9.dxe6
Bxe6 10.Bxd6 Re8 11.e5 Nfd7 12.Nf3 Nc6 13.O-O Ncxe5 14.Qb3 Nxf3+ 15.Bxf3 Nb6
16.Bxc5 Bxc4 17.Bxb6 Qd3 18.Rfd1 Bxb3 19.Rxd3 axb6 20.Bxb7 Ra7 21.Bc6 Rc8
22.Nb5 Rxa2 23.Rxa2 Bxa2 24.Na7 Rc7 25.Rd8+ Kh7 26.Rd7 Rxd7 27.Bxd7 Bxb2
28.Bb5 Bd4 29.Nc6 Bc5 30.Kf1 Kg7 31.Ke2 Kf6 32.f3 Ke6 33.Nd8+ Ke7 34.Nc6+ Kd6
35.Nd8 Bd5 36.Be8 Ke7 {#R} 0-1

[Event "It (open)"]
[Site "masterchessopen.com Belgrade (Yugoslavia)"]
[Date "2006.01.24"]
[Round "4"]
[White "Skare Goran (SRB)"]
[Black "Trifunovic Dragoljub (SRB)"]
[Result "1-0"]
[WhiteElo "2291"]
[BlackElo "2080"]

1.d4 Nf6 2.c4 g6 3.Nc3 Bg7 4.e4 d6 5.Be2 O-O 6.Bg5 h6 7.Bd2 e5 8.d5 Kh8 9.g4
Ng8 10.h4 f5 11.h5 f4 12.hxg6 Qf6 13.f3 Qxg6 14.Qc2 Nf6 15.O-O-O Nh7 16.Nh3 a6
17.Bd3 Qf7 18.Rdg1 Qe7 19.Ne2 Nd7 20.g5 Nc5 21.gxh6 Nxd3+ 22.Qxd3 Bxh6
23.Nhxf4 Bxf4 24.Nxf4 Rxf4 25.Bxf4 exf4 26.Qd4+ Qe5 27.Qxe5+ dxe5 28.Rg6 {#r}
1-0

[Event "It (open)"]
[Site "masterchessopen.com Leutersdorf (Germany)"]
[Round "4"]
[White "Eichner Sebastian (GER)"]
[Black "Fuchs Judith (GER)"]
[Result "1-0"]
[WhiteElo "2269"]
[BlackElo "2131"]

1.d4 Nf6 2.c4 g6 3.Nc3 Bg7 4.e4 d6 5.Be2 O-O 6.Bg5 h6 7.Be3 e5 8.d5 a5 9.g4 a4
10.h4 a3 11.b3 Nxe4 12.Nxe4 f5 13.gxf5 gxf5 14.Nc3 Nd7 15.Qc2 f4 16.Bd2 Nc5
17.f3 Bf5 18.Ne4 c6 19.Bd3 Nxd3+ 20.Qxd3 Bxe4 21.Qxe4 {#r} 1-0

[Event "Ch Bulgaria (qual.)"]
[Site "masterchessopen.com Pleven (Bulgaria)"]
[Date "2006.02.03"]
[Round "9"]
[White "Grigorov Grigor (BUL)"]
[Black "Georgiev Veselin (BUL)"]
[Result "1-0"]
[WhiteElo "2424"]
[BlackElo "2335"]

1.d4 g6 2.c4 Bg7 3.e4 d6 4.Nc3 Nf6 5.Be2 O-O 6.Bg5 h6 7.Be3 e5 8.d5 Nbd7 9.Qd2
h5 10.f3 Nh7 11.Nh3 Nc5 12.Nf2 a5 13.O-O Bf6 14.g3 b6 15.Rab1 Bg5 16.f4 exf4
17.gxf4 Bh6 18.Kh1 Re8 19.Rg1 Qh4 20.Bf3 Nf6 21.Rg3 Bg4 22.Bg2 Re7 23.e5 Nh7
24.Nb5 Bf5 25.Re1 Rae8 26.Nd4 Bd7 27.e6 fxe6 28.Rxg6+ Bg7 29.Nf3 {#r} 1-0

[Event "It (open)"]
[Site "masterchessopen.com Champs-marne (France)"]
[Date "2006.02.17"]
[Round "2"]
[White "Dabadie Benoit (FRA)"]
[Black "Saliou Jean-Yves (FRA)"]
[Result "0-1"]
[WhiteElo "2031"]
[BlackElo "2025"]

1.d4 d6 2.c4 Nf6 3.Nc3 g6 4.e4 Bg7 5.Be2 O-O 6.Bg5 h6 7.Be3 e5 8.d5 Kh7 9.g4
Ng8 10.h4 f5 11.exf5 gxf5 12.Bd3 e4 13.Nxe4 fxe4 14.Bxe4+ Kh8 15.Bc2 Bxb2
16.g5 Bc3+ 17.Kf1 Qe7 18.Nf3 Bg4 19.Bd4+ Bxd4 20.Qxd4+ Qg7 21.Qxg4 Qxa1+
22.Kg2 Qg7 23.Nd4 Nd7 24.Ne6 Ne5 25.Qe4 Qf7 26.f4 Nf6 27.Qe2 Nh5 28.f5 Qxe6
29.dxe6 Nf4+ 30.Kf2 Nxe2 31.Kxe2 Rae8 32.Rb1 b6 33.Rf1 Nxc4 34.Kd3 d5 35.Kd4
Rxe6 36.Rf2 Rd6 37.f6 c5+ 38.Kc3 Ne5 39.Bd1 d4+ {#R} 0-1

[Event "Ch Europe (seniors) (team)"]
[Site "masterchessopen.com Dresden (Germany)"]
[Date "2006.02.18"]
[Round "2"]
[White "Singleton Michael P F (ENG)"]
[Black "Kalmutzki Manfred (GER)"]
[Result "1-0"]
[WhiteElo "2172"]
[BlackElo "2006"]

1.d4 Nf6 2.c4 g6 3.Nc3 Bg7 4.e4 d6 5.Be2 O-O 6.Bg5 h6 7.Bf4 c5 8.d5 Nbd7 9.h3
a6 10.a4 b6 11.Nf3 Qc7 12.Qd2 Kh7 13.O-O Bb7 14.Bd3 Ne8 15.Rae1 Ne5 16.Nxe5
dxe5 17.Bh2 Qd7 18.f4 exf4 19.e5 Rd8 20.Bxf4 Nc7 21.e6 fxe6 22.Bxg6+ Kxg6
23.Qd3+ Rf5 24.Bxc7 Bd4+ 25.Kh1 Kg7 26.Bxd8 Rxf1+ 27.Rxf1 Qxd8 28.dxe6 Kh8
29.Qg6 Bg7 30.Rf7 {#r} 1-0

[Event "Ch Russia (juniors) (under 14)"]
[Site "masterchessopen.com Dagomys (Russia)"]
[Round "7"]
[White "Goldobin Mikhail (RUS)"]
[Black "Panov Evgeny (RUS)"]
[Result "1-0"]
[WhiteElo "2002"]
[BlackElo "1999"]

1.d4 Nf6 2.c4 g6 3.Nc3 Bg7 4.e4 d6 5.Be2 O-O 6.Bg5 h6 7.Be3 e5 8.d5 Ne8 9.Qd2
Kh7 10.g4 f5 11.gxf5 gxf5 12.exf5 Bxf5 13.Bd3 Qd7 14.Nge2 Nf6 15.Ng3 Bxd3
16.Qxd3+ Kh8 17.Rg1 Na6 18.Qg6 Qf7 19.Qf5 Nd7 20.Qh3 Nb4 21.O-O-O Qg6 22.Nge4
Qh7 23.Qxd7 Rad8 24.Qg4 Bf6 25.Qg6 Qxg6 26.Rxg6 Bg5 27.Nxg5 hxg5 {#r} 1-0

[Event "It (open)"]
[Site "masterchessopen.com Usti nad Orlici (Czech Republic)"]
[Date "2006.05.05"]
[Round "8"]
[White "Haba Zdenek (CZE)"]
[Black "Dorjkhu Tuvsinbajar (CZE)"]
[Result "0-1"]
[WhiteElo "2207"]
[BlackElo "2058"]

1.d4 Nf6 2.c4 g6 3.Nc3 Bg7 4.e4 O-O 5.Be2 d6 6.Bg5 h6 7.Be3 b6 8.Qd2 Kh7 9.h4
Ng4 10.Bxg4 Bxg4 11.h5 g5 12.f4 gxf4 13.Bxf4 e5 14.Be3 exd4 15.Bxd4 Bxd4
16.Qxd4 Nc6 17.Qe3 Ne5 18.b3 f5 19.Nge2 f4 20.Qd2 f3 21.Nd4 fxg2 22.Qxg2 Nd3+
{#R} 0-1

[Event "Ch Croatia (team) (3rd league)"]
[Site "masterchessopen.com Croatia"]
[Date "2006.05.07"]
[Round "5"]
[White "Horvatinovic Bozidar (CRO)"]
[Black "Barlovic Tomislav (CRO)"]
[Result "1-0"]
[WhiteElo "2028"]
[BlackElo "2038"]

1.d4 Nf6 2.c4 g6 3.Nc3 Bg7 4.e4 d6 5.Be2 O-O 6.Bg5 h6 7.Be3 Nc6 8.f4 e5 9.fxe5
dxe5 10.d5 Ne7 11.Qd2 Kh7 12.Nf3 a6 13.O-O Ng4 14.Bc5 b6 15.Ba3 f5 16.exf5
Bxf5 17.h3 Nf6 18.Nxe5 c5 19.Nf3 Qd6 20.Rad1 Nh5 21.Bd3 Bxd3 22.Qxd3 Nf4
23.Ne4 Nxd3 24.Nxd6 Nxb2 25.Bxb2 Bxb2 26.Rb1 Rf6 27.Ne4 Rf4 28.Nfg5+ hxg5
29.Nxg5+ Kh6 30.Rxf4 Kxg5 31.Rg4+ {#r} 1-0

[Event "Memorial Em.Lasker (open)"]
[Site "masterchessopen.com Barlinek (Poland)"]
[Date "2006.06.11"]
[Round "9"]
[White "Czaus Piotr (POL)"]
[Black "Gorecka Joanna (POL)"]
[Result "0-1"]
[WhiteElo "1921"]
[BlackElo "2082"]

1.d4 Nf6 2.c4 g6 3.Nc3 Bg7 4.e4 d6 5.Be2 O-O 6.Bg5 h6 7.Be3 e5 8.d5 a5 9.Qd2
Kh7 10.b3 Nxe4 11.Nxe4 f5 12.f3 fxe4 13.O-O-O exf3 14.Bxf3 a4 15.b4 a3 16.h4
Bf5 17.g4 Bd7 18.h5 g5 19.Be4+ Kh8 20.Nh3 Rf4 21.Nxf4 exf4 22.Bd4 Qf8 23.Bf3
Ba4 24.Rde1 Nd7 25.Qc3 Ne5 26.Rxe5 dxe5 27.Bxe5 Re8 28.Bxg7+ Qxg7 29.Qxg7+
Kxg7 30.Kd2 Re3 31.Rf1 Kf6 32.d6 cxd6 33.Bxb7 Ke5 34.b5 Kd4 35.Rc1 f3 36.Rf1
Re2+ 37.Kc1 f2 {#R} 0-1

[Event "It (open)"]
[Site "masterchessopen.com Ourense (Spain)"]
[Round "6"]
[White "Rusev Krasimir (BUL)"]
[Black "Milchev Nikolay (BUL)"]
[Result "1-0"]
[WhiteElo "2453"]
[BlackElo "2340"]

1.d4 d6 2.c4 Nf6 3.Nc3 g6 4.e4 Bg7 5.Be2 O-O 6.Bg5 h6 7.Be3 e5 8.d5 Nbd7 9.Qd2
h5 10.f3 a5 11.Nh3 Nc5 12.Nf2 b6 13.g4 hxg4 14.fxg4 Nh7 15.g5 f5 16.gxf6 Qxf6
17.h4 Bh6 18.Bxh6 Qxf2+ 19.Kd1 Rf6 20.Be3 Qg2 21.Rg1 Qh3 22.Kc2 Qd7 23.h5 Qe8
24.hxg6 Nf8 25.Bxc5 bxc5 26.Qh6 Qe7 27.Raf1 Bd7 28.Bh5 Rxf1 29.Rxf1 Qg7
30.Qxg7+ Kxg7 31.Rf7+ Kh6 32.g7 Nh7 33.Rxd7 Nf6 34.Rf7 {#r} 1-0

[Event "Memorial E. Afromeevoi"]
[Site "masterchessopen.com Tula (Russia)"]
[Date "2006.07.01"]
[Round "3"]
[White "Bagirov Rufat (AZE)"]
[Black "Domogaev Sergey (RUS)"]
[Result "1-0"]
[WhiteElo "2504"]
[BlackElo "2401"]

1.d4 Nf6 2.c4 g6 3.Nc3 Bg7 4.e4 d6 5.Be2 O-O 6.Bg5 h6 7.Be3 Nbd7 8.Qd2 c5 9.d5
Kh7 10.f3 Re8 11.Nh3 Ne5 12.Nf2 a6 13.O-O Qc7 14.Rae1 Rb8 15.f4 Neg4 16.Nxg4
Bxg4 17.Bd3 Bc8 18.e5 Ng4 19.h3 Nxe3 20.Qxe3 e6 21.Qg3 dxe5 22.fxe5 f5 23.h4
h5 24.d6 Qa5 25.Ne4 Bd7 26.Ng5+ Kg8 27.Nh3 Qd2 28.Nf4 Qxb2 29.Qxg6 Qd4+ 30.Rf2
Rf8 31.Nxe6 Bxe6 32.Qxe6+ Kh8 33.Bxf5 Rbe8 34.Qg6 Rxf5 35.Qxf5 {#r} 1-0

[Event "Ch Greece (team)"]
[Site "masterchessopen.com Ermioni (Greece)"]
[Date "2006.07.05"]
[Round "3"]
[White "Ntiloudi Despina (GRE)"]
[Black "Blatsi Zoi (GRE)"]
[Result "0-1"]
[WhiteElo "1961"]
[BlackElo "1869"]

1.d4 d6 2.c4 g6 3.Nc3 Bg7 4.e4 Nf6 5.Be2 O-O 6.Bg5 h6 7.Be3 Nbd7 8.Qd2 c5 9.d5
Kh7 10.f3 Ne5 11.g4 a6 12.h4 h5 13.O-O-O b5 14.cxb5 axb5 15.Bxb5 hxg4 16.f4
Nf3 17.Nxf3 gxf3 18.Rdg1 Qa5 19.Bc6 Rb8 20.Rg5 Rxb2 21.Qxb2 Nxe4 22.Bd2 Nxc3
23.Bxc3 Bxc3 24.Qc2 Qb4 25.Qb3 Qxf4+ {#R} 0-1

[Event "It \"]
[Site "masterchessopen.com Kitchener (Canada)"]
[Date "2006.07.15"]
[Round "1"]
[White "Bareev Evgeny (RUS)"]
[Black "Chow Vincent (CAN)"]
[Result "1-0"]
[WhiteElo "2683"]
[BlackElo "2088"]

1.c4 Nf6 2.Nc3 g6 3.e4 d6 4.d4 Bg7 5.Be2 O-O 6.Bg5 h6 7.Be3 e5 8.d5 Kh7 9.h4
Ng8 10.h5 gxh5 11.Rxh5 f5 12.exf5 Nf6 13.Rh2 Bxf5 14.g4 Bg6 15.Qd2 Qd7 16.Rh4
Ng8 17.Nf3 Bf6 18.Rh3 h5 19.O-O-O Kg7 20.Rg1 hxg4 21.Bh6+ Kf7 22.Nxe5+ dxe5
23.Bxg4 Bf5 24.Bxf8 Kxf8 25.Rhg3 Bh4 26.Rf3 {#r} 1-0

[Event "It (open)"]
[Site "masterchessopen.com Senta (Yugoslavia)"]
[Date "2006.07.25"]
[Round "6"]
[White "Stanojevic Branko (SRB)"]
[Black "Ikras Djura (SRB)"]
[Result "1-0"]
[WhiteElo "2333"]
[BlackElo "2149"]

1.d4 Nf6 2.c4 g6 3.Nc3 Bg7 4.e4 d6 5.Be2 O-O 6.Bg5 h6 7.Be3 Nbd7 8.Qd2 c5 9.d5
Qa5 10.f3 Kh7 11.h4 a6 12.h5 g5 13.Nh3 b5 14.Bxg5 Ne5 15.Be3 bxc4 16.g4 Rh8
17.Kf2 Rb8 18.g5 hxg5 19.h6 Bxh6 20.Nxg5+ Kg8 21.Rag1 Kf8 22.Rg2 Ke8 23.Rgh2
Ng8 24.Kg3 Ng6 25.Bxc4 Qb4 26.b3 Bg7 27.Rxh8 Bxh8 28.Ne2 Qxd2 29.Bxd2 Bg7
30.Rh7 Kf8 31.Bc3 Nf6 32.Rh1 Bd7 33.f4 Bg4 34.Bxf6 exf6 35.Nh7+ Kg8 36.Kxg4
Re8 37.Ng3 {#r} 1-0

[Event "It (open)"]
[Site "masterchessopen.com Chambery (France)"]
[Date "2006.07.30"]
[Round "2"]
[White "Horvath Csaba (HUN)"]
[Black "Sonnet Jean-Pierre (FRA)"]
[Result "1-0"]
[WhiteElo "2530"]
[BlackElo "2094"]

1.d4 Nf6 2.c4 g6 3.Nc3 Bg7 4.e4 d6 5.Be2 O-O 6.Bg5 h6 7.Be3 e5 8.d5 Na6 9.f3
Nh5 10.Qd2 Kh7 11.O-O-O Qh4 12.Bd3 f5 13.exf5 Bxf5 14.g3 Qe7 15.Bxf5 gxf5
16.Nge2 b6 17.g4 fxg4 18.fxg4 Nf6 19.h3 Nc5 20.Ng3 Qf7 21.Nf5 Qg6 22.Nh4 Qe8
23.Qc2+ Kg8 24.Nf5 {#r} 1-0

[Event "Ch Pan-American (juniors) (under 16)"]
[Site "masterchessopen.com South America"]
[Date "2006.08.01"]
[Round "7"]
[White "Cruz Jonathan (PER)"]
[Black "Pena Alfredo (COL)"]
[Result "1-0"]
[WhiteElo "2239"]
[BlackElo "2274"]

1.d4 Nf6 2.c4 g6 3.Nc3 Bg7 4.e4 O-O 5.Be2 d6 6.Bg5 h6 7.Bh4 c5 8.Nf3 Nc6 9.d5
Ne5 10.O-O Nxf3+ 11.Bxf3 a6 12.Be2 e5 13.dxe6 fxe6 14.f4 Qc7 15.Qd3 Kh7
16.Rad1 Ne8 17.e5 dxe5 18.Bd8 e4 19.Nxe4 Qf7 20.Nxc5 Nf6 21.Bb6 Re8 22.Qe3 Qe7
23.Nd3 Nd7 24.Bd4 Rb8 25.Bxg7 Kxg7 26.Nc5 Nf8 27.Bd3 {#r} 1-0

[Event "It (open)"]
[Site "masterchessopen.com Pedavena (Italy)"]
[Date "2006.08.04"]
[Round "5"]
[White "Colombo Sandro (ITA)"]
[Black "Tiengo Davide (ITA)"]
[Result "0-1"]
[WhiteElo "1854"]
[BlackElo "2009"]

1.c4 Nf6 2.Nc3 g6 3.e4 d6 4.d4 Bg7 5.Be2 O-O 6.Bg5 h6 7.Be3 e5 8.d5 Ne8 9.Qd2
Kh7 10.f4 exf4 11.Bxf4 Qh4+ 12.g3 Qe7 13.Bd3 Nf6 14.O-O-O Ng4 15.Nf3 Nd7 16.h4
Nde5 17.Bxe5 Nxe5 18.Ng5+ hxg5 19.hxg5+ Kg8 20.Qh2 Qxg5+ 21.Kc2 Re8 22.Nb5 Re7
23.Qh7+ Kf8 24.Qh8+ Bxh8 25.Rxh8+ Kg7 26.Rdh1 Nxd3 {#R} 0-1

[Event "It (open)"]
[Site "masterchessopen.com Kavala (Greece)"]
[Date "2006.08.11"]
[Round "9"]
[White "Moutousis Konstantinos (GRE)"]
[Black "Banikas Hristos (GRE)"]
[Result "0-1"]
[WhiteElo "2424"]
[BlackElo "2568"]

1.d4 Nf6 2.c4 g6 3.Nc3 Bg7 4.e4 d6 5.Be2 O-O 6.Bg5 h6 7.Be3 c5 8.d5 e6 9.Qd2
exd5 10.exd5 Kh7 11.h3 Re8 12.Bd3 Nh5 13.Nge2 Nd7 14.b3 b5 15.cxb5 a6 16.b6
Qxb6 17.Bc2 Qb4 18.O-O f5 19.a3 Qh4 20.Rae1 Bb7 21.f4 Bh8 22.Bf2 Qf6 23.g4 Ng7
24.Qd3 Kg8 25.Ng3 Nf8 26.b4 c4 27.Qd2 Rxe1 28.Rxe1 Ne8 29.Nge2 fxg4 30.hxg4
Qf7 31.g5 hxg5 32.fxg5 Qf3 33.Be4 Qg4+ 34.Bg2 Nd7 35.Nd4 Ne5 36.Re4 Qd7 37.Ne6
Nc7 38.Rh4 Re8 39.Nf4 {#R} 0-1

[Event "It (open)"]
[Site "masterchessopen.com Rewal (Poland)"]
[Date "2006.08.25"]
[Round "6"]
[White "Braschi Giancarlo (ITA)"]
[Black "Rogala Robert (POL)"]
[Result "1-0"]
[WhiteElo "2160"]
[BlackElo "2000"]

1.d4 Nf6 2.c4 g6 3.Nc3 Bg7 4.e4 d6 5.Be2 O-O 6.Bg5 h6 7.Be3 e5 8.d5 Nbd7 9.Qd2
Kh7 10.Bd1 Nc5 11.f3 Nh5 12.Nge2 Nf4 13.Nxf4 exf4 14.Bxf4 f5 15.exf5 Bxf5
16.O-O Bd3 17.Re1 Bxc4 18.Bc2 Bd3 19.Bxd3 Nxd3 20.Qxd3 Rxf4 21.Re6 Bd4+ 22.Kh1
Kh8 23.Ne2 Bxb2 24.Rb1 Rb4 25.Rxb2 {#r} 1-0

[Event "It (open) \"]
[Site "masterchessopen.com Rodatychi (Ukraine)"]
[Date "2006.08.29"]
[Round "4"]
[White "Kutsykh Mikle (UKR)"]
[Black "Ivanov Andrey A (UKR)"]
[Result "0-1"]
[WhiteElo "2199"]
[BlackElo "2332"]

1.d4 Nf6 2.c4 g6 3.Nc3 Bg7 4.e4 d6 5.Be2 O-O 6.Bg5 h6 7.Be3 e5 8.d5 Nbd7 9.Qd2
Nxe4 10.Nxe4 f5 11.Bxh6 fxe4 12.Be3 Nf6 13.h3 c6 14.O-O-O cxd5 15.cxd5 a5
16.Kb1 Bd7 17.g4 Ba4 18.b3 Be8 19.g5 Nh5 20.Bxh5 gxh5 21.a3 Bg6 22.Ne2 Rxf2
23.Rhf1 Rxf1 24.Rxf1 Qd7 25.h4 Qb5 26.Ka2 Rc8 27.a4 Qd3 28.Kb2 Rc5 29.Rf2
Qxd2+ 30.Bxd2 Rxd5 31.Nc3 Rd3 32.Re2 d5 33.Nb5 b6 34.Nd6 Bf8 35.Nb5 Bc5 {#R}
0-1

[Event "It (open)"]
[Site "masterchessopen.com Arco (Italy)"]
[Date "2006.10.21"]
[Round "1"]
[White "Barlotti Gabriele (ITA)"]
[Black "De-Napoli Giuseppe (ITA)"]
[Result "0-1"]
[WhiteElo "1676"]
[BlackElo "2032"]

1.d4 Nf6 2.c4 g6 3.Nc3 Bg7 4.e4 d6 5.Be2 O-O 6.Bg5 h6 7.Be3 Nbd7 8.Qd2 Kh7
9.g4 e5 10.d5 Ne8 11.h4 c6 12.h5 g5 13.O-O-O a6 14.Nh3 Bf6 15.f3 Rg8 16.Nf2
Qa5 17.Nd3 cxd5 18.exd5 b5 19.b4 Qa3+ 20.Qb2 Qxb2+ 21.Nxb2 bxc4 22.Nxc4 Be7
23.Bd3+ Kg7 24.Kd2 Nef6 25.Na5 Bd8 26.Nc6 Re8 27.Nxd8 Rxd8 28.Bf5 Bb7 29.Ke2
Rac8 30.Rd3 Rc4 31.a3 Rdc8 32.Ne4 Nxe4 33.fxe4 R8c7 34.Rhd1 Nf6 35.R1d2 Nxe4
36.Bxe4 Rxe4 37.Kf3 Rcc4 38.Rg2 Bc8 39.Bf2 Bxg4+ {#R} 0-1

[Event "Bayern Regionalliga Northwest 2006/07"]
[Site "masterchessopen.com Bayern (Germany)"]
[Date "2006.10.29"]
[Round "2"]
[White "Lutz Peter (GER)"]
[Black "Basel Matthias (GER)"]
[Result "1-0"]
[WhiteElo "1733"]
[BlackElo "2029"]

1.d4 Nf6 2.c4 g6 3.Nc3 Bg7 4.e4 d6 5.Be2 O-O 6.Bg5 h6 7.Be3 e5 8.d5 a5 9.Qd2
Kh7 10.h4 h5 11.f3 Na6 12.Nh3 Nc5 13.Nf2 Bd7 14.g4 Qe8 15.Bg5 Ng8 16.gxh5 gxh5
17.O-O-O f6 18.Be3 Bh6 19.Nh3 Bxe3 20.Qxe3 Ne7 21.f4 Rg8 22.fxe5 Bxh3 23.Rxh3
fxe5 24.Rf1 Qg6 25.Rhf3 Qh6 26.Rf7+ Rg7 27.Rxg7+ Qxg7 28.Rg1 Qf6 29.Rg5 Rh8
30.Kc2 Ng6 31.Rf5 Qg7 32.Bxh5 Rf8 33.Bxg6+ {#r} 1-0

[Event "It \"]
[Site "masterchessopen.com Ecuador"]
[Date "2006.11.12"]
[Round "6"]
[White "Romero Rommel (ECU)"]
[Black "De Mora Flores Sebastian (ECU)"]
[Result "1-0"]
[WhiteElo "1920"]
[BlackElo "1844"]

1.d4 Nf6 2.c4 g6 3.Nc3 Bg7 4.e4 d6 5.Be2 O-O 6.Bg5 h6 7.Be3 e5 8.d5 a6 9.Qd2
Kh7 10.h4 Ng4 11.Bxg4 Bxg4 12.f3 Bc8 13.g4 f5 14.h5 f4 15.hxg6+ Kxg6 16.Bf2
Rh8 17.O-O-O Nd7 18.Nh3 Nb6 19.b3 a5 20.a4 Bd7 21.Rdg1 Nc8 22.g5 h5 23.Ne2 c5
24.Nhxf4+ exf4 25.Nxf4+ Kf7 26.g6+ Kf8 27.Nxh5 Rxh5 28.Rxh5 Qf6 29.Kd1 Qxf3+
30.Qe2 Qxb3+ 31.Ke1 Qb1+ 32.Kd2 Qb2+ 33.Ke3 Qc3+ 34.Qd3 Qb2 35.Kf3 Qc3 36.Qxc3
Bxc3 37.Bh4 Nb6 38.Bf2 Nc8 {#r} 1-0

[Event "Ch France (team) (nat.2) 2006/07"]
[Site "masterchessopen.com France"]
[Date "2006.12.10"]
[Round "4"]
[White "Boudiba Mahfoud (ALG)"]
[Black "Carrasco Patrick (FRA)"]
[Result "1-0"]
[WhiteElo "2348"]
[BlackElo "2103"]

1.d4 Nf6 2.c4 g6 3.Nc3 Bg7 4.e4 d6 5.Be2 O-O 6.Bg5 h6 7.Be3 e5 8.d5 Na6 9.Bf3
c6 10.g4 cxd5 11.cxd5 Bd7 12.h4 Nh7 13.h5 g5 14.Be2 Qa5 15.f3 Rfc8 16.Nh3 Nc5
17.O-O b5 18.Nb1 Qb4 19.Qd2 Qxd2 20.Bxd2 a5 21.Na3 b4 22.Nc4 Bb5 23.Rfc1 Bf8
24.Nf2 Nf6 25.Nd1 Rcb8 26.Nde3 Bd7 27.Be1 Ne8 28.b3 Nc7 29.Nb2 Nb5 30.Bc4 Nd4
31.Kg2 Be7 32.Nc2 Nxc2 33.Rxc2 Bd8 34.Bf2 Bb6 35.Rac1 Kf8 36.Be2 Ke7 37.Nc4
Bb5 38.Nxb6 Rxb6 39.Rxc5 {#r} 1-0

[Event "Ch Europe (active) (knock-out)"]
[Site "masterchessopen.com Warsaw (Poland)"]
[Date "2006.12.17"]
[Round "3"]
[White "Aleksandrov Aleksej (BLR)"]
[Black "Socko Bartosz (POL)"]
[Result "1-0"]
[WhiteElo "2619"]
[BlackElo "2630"]

{ Aleksandrov Aleksej (BLR) +8 =6 -3 Socko Bartosz (POL) +2 =2 -1 } 1.d4 Nf6
2.c4 g6 3.Nc3 Bg7 4.e4 d6 5.Be2 O-O 6.Bg5 h6 7.Be3 Nbd7 8.Qd2 c5 { ? } (
8...Kh7 9.f3 c5 10.d5 a6 11.a4 Qa5 12.Nh3 Ne5 { 1/2-1/2, Lalic Bogdan 2515 -
Cebalo Miso 2520 , Rabac 9. 9.2004 Ch Croatia (team) (1st league) } ) 9.d5 Kh7
{ ? ±/+?? } ( 9...Qa5 10.f3 Kh7 11.Nh3 a6 12.O-O b5 13.cxb5 Nb6 14.Nf2 Nfd7
15.Nfd1 Ne5 16.b3 axb5 17.Bxb5 f5 18.exf5 Rxf5 19.Rc1 Bb7 20.a4 Raf8 21.Be2
Bxd5 22.Nxd5 Qxd2 23.Bxd2 Nxd5 24.Ne3 Nxe3 25.Bxe3 Nc6 26.Bd3 Re5 27.Bf2 Na5
28.Rb1 Rb8 29.Bb5 { ...1-0, Leitao Rafael 2360 - Van Den Doel Erik 2571 ,
Bratislava 1993 Ch World (juniors) (under 14) } ) 10.h4 ( 10.g4 b5 ( 10...Ne5
11.h3 a6 12.f4 Ned7 13.Nf3 { +0.48 CAP } ) 11.cxb5 Nb6 12.f3 Nfd7 13.Rc1 Ne5
14.b3 f5 15.gxf5 gxf5 16.f4 Ng6 17.exf5 Bxf5 18.Nf3 e5 19.fxe5 Nxe5 20.O-O
Nbd7 21.Bf4 Qf6 22.Bg3 Nxf3+ 23.Bxf3 Qg6 24.Rce1 Rae8 25.Bg2 Bd4+ 26.Kh1 Nf6
27.Bxd6 Bxc3 28.Qxc3 Ne4 29.Bxf8 Nxc3 { ...1-0, Kupreichik Viktor D 2500 -
Lanka Zigurds 2565 , Regensburg 1997 } ) 10...b5 ( 10...Ne5 11.f3 Nh5 12.g4 (
12.Bf2 f5 { -0.56 CAP } ) 12...Ng3 13.Rh2 Nxe2 14.Qxe2 f5 15.h5 fxg4 16.hxg6+
Kg8 17.f4 g3 18.Rg2 Bg4 19.Qf1 h5 20.Rxg3 e6 21.dxe6 Qh4 22.Nge2 Nd3+ 23.Kd2
Nxb2 24.Qh1 Bxc3+ 25.Kxc3 Qf6+ 26.e5 Na4+ 27.Kd2 dxe5 28.Rxg4 Rad8+ 29.Ke1
exf4 30.Qxh5 { ...1/2-1/2, Stanojevic Branko 2334 - Dujkovic Sinisa 2407 ,
Herceg Novi 26. 9.2006 Ch Montenegro (team) } ) 11.cxb5 a6 { +1.46 CAP }
12.bxa6 { N } ( 12.h5 g5 13.bxa6 ( 13.Nf3 axb5 14.Bxb5 Ng4 15.a4 Nxe3 16.Qxe3
Qa5 17.O-O Qb4 18.Rab1 Ne5 19.Nxe5 Bxe5 20.Na2 Qd4 21.b4 Ba6 22.Nc1 Qxe3
23.fxe3 Bxb5 24.axb5 c4 25.Ne2 Rab8 26.Rbc1 Rxb5 27.Rxc4 Kg7 28.Nc1 Ra8 29.Nd3
Bf6 30.e5 dxe5 31.e4 Ra3 { ...1-0, Vioreanu Bogdan-Gabriel 2347 - Ionescu
Cristian-Dan 2312 , Bucharest 2001 Cup Winter (cat.2) } ) 13...Qa5 14.Nf3 Ne8
15.O-O Bxa6 16.Bxa6 Qxa6 17.Rab1 Nc7 18.e5 dxe5 19.Ne4 f5 20.Nxc5 Qd6 21.Nxd7
Qxd7 22.Rfd1 e4 23.Ne1 Rxa2 24.Nc2 Nb5 25.Qb4 Rc8 26.Qb3 Ra5 27.Nb4 f4 28.Nc6
fxe3 29.Qxe3 Raa8 30.Qxe4+ Kh8 31.Nxe7 Nd6 { ...0-1, Ligterink Gert 2450 - Van
Wely Loek 2655 , Leeuwarden 1997 It (open) } ) 12...Ne5 13.h5 g5 14.Nf3 Nxf3+
15.gxf3 Bxa6 { ? } ( { ? } 15...Qb6 16.f4 gxf4 17.Bxf4 Bxa6 18.Bf3 Bc8 19.Rg1
Rg8 20.Qc2 Nd7 21.e5+ Kh8 { } ) 16.Bxa6 Rxa6 17.e5 Rb6 18.exf6 Bxf6 19.f4 Qb8
20.fxg5 hxg5 21.b3 Rg8 22.Rc1 Rb4 23.Qd3+ Kh8 24.Ne4 Qa8 25.Nxf6 exf6 26.Qf5
Qd8 27.Rc4 { } {#r} 1-0

[Event "Tournament \"]
[Site "masterchessopen.com Warsaw (Poland)"]
[Date "2007.01.20"]
[Round "9"]
[White "Mokrzanowski Andrzej (POL)"]
[Black "Nozynska Anna (POL)"]
[Result "1-0"]
[WhiteElo "2127"]
[BlackElo "1833"]

1.d4 Nf6 2.c4 g6 3.Nc3 Bg7 4.e4 d6 5.Be2 O-O 6.Bg5 h6 7.Bf4 c5 8.d5 Nbd7 9.Nf3
Ng4 10.h3 Nge5 11.Nxe5 Nxe5 12.Qd2 Kh7 13.O-O-O a6 14.Be3 Rb8 15.f4 Nd7 16.g4
Qa5 17.Qc2 b5 18.h4 bxc4 19.Bd2 Nf6 20.Rdg1 h5 21.gxh5 Nxe4 22.Qxe4 Bf5
23.Qxc4 Rxb2 24.Bd3 Bxd3 25.Qxd3 Qa3 26.hxg6+ Kg8 27.gxf7+ Kxf7 {#r} 1-0

[Event "Ch Romania"]
[Site "masterchessopen.com Amara (Romania)"]
[Date "2007.02.18"]
[Round "4"]
[White "Voiteanu Gabriel (ROM)"]
[Black "Nevednichy Vladislav (ROM)"]
[Result "0-1"]
[WhiteElo "2278"]
[BlackElo "2531"]

1.d4 Nf6 2.c4 d6 3.Nc3 g6 4.e4 Bg7 5.Be2 O-O 6.Bg5 h6 7.Bh4 Nbd7 8.Qd2 c5 9.d5
Kh7 10.Nf3 b5 11.cxb5 a6 12.O-O axb5 13.Bxb5 Ba6 14.Bxa6 Rxa6 15.h3 Qa8 16.Bg3
Nb6 17.Qe2 Rb8 {#R} 0-1

[Event "Tournament (team)"]
[Site "masterchessopen.com Slask (Poland)"]
[Date "2007.03.18"]
[Round "5"]
[White "Twardon Marian (POL)"]
[Black "Ziebinski Bartosz (POL)"]
[Result "1-0"]
[WhiteElo "2331"]
[BlackElo "1917"]

1.d4 Nf6 2.c4 g6 3.Nc3 Bg7 4.e4 d6 5.Be2 O-O 6.Bg5 h6 7.Be3 Nbd7 8.Qd2 Kh7
9.f3 e5 10.d5 Nc5 11.g4 Ng8 12.h4 a6 13.h5 g5 14.b4 Nd7 15.Rc1 a5 16.a3 axb4
17.axb4 b6 18.Nh3 Bf6 19.O-O Bb7 20.Ra1 Be7 21.Nf2 Ngf6 22.Nh1 Ne8 23.Ng3 Ng7
24.Qb2 Rb8 25.Ra7 Nf6 26.Rfa1 Qd7 27.Kg2 Rg8 28.Qc2 Ngxh5 29.gxh5 g4 30.f4
Nxh5 31.Nxh5 g3 32.Rh1 exf4 33.Bxf4 Rg6 34.e5 dxe5 35.Bxe5 Rg8 36.Rxb7 {#r}
1-0